Olympic Champions in Ski Alpine Downhill - Statistics

General Stats
  • This quiz has been taken 16 times
  • The average score is 7 of 21
Answer Stats
Hint Answer % Correct
2022 Beat Feuz CH
100%
2026 Franjo von Allmen CH
100%
1976 Franz Klammer AT
60%
2014 Matthias Mayer AT
60%
2018 Aksel Lund Svindal NO
53%
2010 Didier Défago CH
53%
1972 Bernhard Russi CH
47%
1988 Pirmin Zurbriggen CH
47%
2006 Antoine Dénériaz FR
40%
2002 Fritz Strobl AT
27%
1956 Toni Sailer AT
27%
1984 Bill Johnson US
20%
1992 Patrick Ortlieb AT
20%
1968 Jean-Claude Killy FR
13%
1964 Egon Zimmermann AT
7%
1948 Henri Oreiller FR
7%
1960 Jean Vuarnet FR
7%
1998 Jen-Luc Crétier FR
7%
1980 Leonhard Stock AT
7%
1994 Tommy Moe US
7%
1952 Zeno Colò IT
7%
No matching quizzes found
Score Distribution
Percent of People with Each Score
Percentile by Number Answered
Your Score History
You have not taken this quiz